[Event "v4camp2016"]
[Site "?"]
[Date "2016.06.26"]
[Round "8.18"]
[White "Krupa, Miroslav"]
[Black "Palyza, Lukas"]
[Result "1-0"]
[BlackElo "1348"]
[WhiteElo "1889"]
[LiveChessVersion "1.4.8"]

1. e4 {[%clk 1:30:57]} e5 {[%clk 1:30:56]} 2. Nf3 {[%clk 1:31:24]} Nc6
{[%clk 1:31:20]} 3. Bc4 {[%clk 1:31:48]} Bc5 {[%clk 1:31:48]} 4. c3
{[%clk 1:32:11]} Nf6 {[%clk 1:32:14]} 5. d3 {[%clk 1:32:33]} h6 {[%clk 1:32:33]}
6. Nbd2 {[%clk 1:32:31]} d6 {[%clk 1:30:52]} 7. Nf1 {[%clk 1:32:38]} Be6
{[%clk 1:30:01]} 8. Bb5 {[%clk 1:30:19]} O-O {[%clk 1:28:38]} 9. Ng3
{[%clk 1:30:31]} Ne7 {[%clk 1:25:11]} 10. Ba4 {[%clk 1:29:35]} Ng6
{[%clk 1:23:20]} 11. O-O {[%clk 1:29:57]} c6 {[%clk 1:22:13]} 12. Bc2
{[%clk 1:28:44]} d5 {[%clk 1:21:32]} 13. d4 {[%clk 1:21:51]} Bd6 {[%clk 1:19:06]}
14. exd5 {[%clk 1:14:00]} cxd5 {[%clk 1:19:22]} 15. Bxg6 {[%clk 1:13:58]} e4
{[%clk 1:16:19]} 16. Ne5 {[%clk 1:04:18]} fxg6 {[%clk 1:14:30]} 17. Nxg6
{[%clk 1:02:14]} Rf7 {[%clk 1:13:12]} 18. Bf4 {[%clk 0:59:59]} Bxf4
{[%clk 1:10:08]} 19. Nxf4 {[%clk 1:00:18]} Qd6 {[%clk 1:09:49]} 20. Nxe6
{[%clk 0:59:55]} Qxe6 {[%clk 1:10:10]} 21. Re1 {[%clk 0:57:29]} Qb6
{[%clk 1:07:47]} 22. Qb3 {[%clk 0:49:24]} Qc6 {[%clk 1:05:21]} 23. Rac1
{[%clk 0:47:11]} b5 {[%clk 1:00:23]} 24. h3 {[%clk 0:42:48]} Raf8
{[%clk 0:56:20]} 25. Rc2 {[%clk 0:34:41]} Nd7 {[%clk 0:51:51]} 26. Nf1
{[%clk 0:25:28]} Nb6 {[%clk 0:48:26]} 27. Ne3 {[%clk 0:23:02]} a5
{[%clk 0:46:03]} 28. Qa3 {[%clk 0:21:13]} Ra8 {[%clk 0:44:01]} 29. Qc5
{[%clk 0:19:25]} Rf6 {[%clk 0:38:52]} 30. Qxc6 {[%clk 0:11:40]} Rxc6
{[%clk 0:39:12]} 31. Nf5 {[%clk 0:09:21]} Re8 {[%clk 0:35:55]} 32. f3
{[%clk 0:09:17]} Rce6 {[%clk 0:33:23]} 33. Rce2 {[%clk 0:08:50]} Na4
{[%clk 0:32:30]} 34. Ng3 {[%clk 0:06:03]} Rg6 {[%clk 0:28:48]} 35. Kh2
{[%clk 0:05:37]} Rb6 {[%clk 0:26:00]} 36. fxe4 {[%clk 0:05:51]} dxe4
{[%clk 0:26:02]} 37. Nxe4 {[%clk 0:05:32]} Rbe6 {[%clk 0:25:24]} 38. Nf6+
{[%clk 0:05:40]} gxf6 {[%clk 0:25:30]} 39. Rxe6 {[%clk 0:06:04]} Rxe6
{[%clk 0:25:46]} 40. Rxe6 {[%clk 0:06:31]} Kf7 {[%clk 0:26:10]} 41. Ra6
{[%clk 0:06:50]} Nxb2 {[%clk 0:26:01]} 42. Rxa5 1-0

[Event "v4camp2016"]
[Site "?"]
[Date "2016.06.26"]
[Round "8.20"]
[White "Hlavinova, Martina"]
[Black "Vavrinkova, Anna"]
[Result "1-0"]
[BlackElo "1333"]
[WhiteElo "1318"]
[LiveChessVersion "1.4.8"]

1. e4 {[%clk 1:30:59]} d5 {[%clk 1:30:48]} 2. exd5 {[%clk 1:31:24]} Qxd5
{[%clk 1:30:26]} 3. Nc3 {[%clk 1:31:46]} Qd6 {[%clk 1:30:17]} 4. d4
{[%clk 1:31:59]} Nf6 {[%clk 1:29:55]} 5. Nf3 {[%clk 1:31:13]} Nc6
{[%clk 1:28:54]} 6. Be3 {[%clk 1:30:16]} Bg4 {[%clk 1:28:23]} 7. Be2
{[%clk 1:30:08]} O-O-O {[%clk 1:23:39]} 8. Ng5 {[%clk 1:14:44]} Be6
{[%clk 1:18:20]} 9. Nxe6 {[%clk 1:11:38]} fxe6 {[%clk 1:18:24]} 10. Bg4
{[%clk 1:09:49]} Nxg4 {[%clk 1:16:28]} 11. Qxg4 {[%clk 1:10:10]} Kb8
{[%clk 1:15:10]} 12. O-O-O {[%clk 1:10:05]} g6 {[%clk 1:14:38]} 13. Rd2
{[%clk 1:05:10]} Bg7 {[%clk 1:14:46]} 14. Rhd1 {[%clk 0:55:04]} Qxh2
{[%clk 1:14:14]} 15. Qxe6 {[%clk 0:55:04]} Qxg2 {[%clk 1:13:51]} 16. d5
{[%clk 0:51:34]} Nb4 {[%clk 1:12:09]} 17. Qxe7 {[%clk 0:50:42]} Bxc3
{[%clk 1:12:00]} 18. bxc3 {[%clk 0:50:07]} Nxd5 {[%clk 1:12:04]} 19. Qe5
{[%clk 0:43:28]} Rhf8 {[%clk 1:07:33]} 20. Rxd5 {[%clk 0:41:21]} Rxd5
{[%clk 1:07:32]} 21. Qxd5 {[%clk 0:36:03]} Qxd5 {[%clk 1:07:36]} 22. Rxd5
{[%clk 0:36:28]} b6 {[%clk 1:07:55]} 23. Rd7 {[%clk 0:36:17]} h5 {[%clk 1:08:04]}
24. Rh7 {[%clk 0:33:17]} Rf6 {[%clk 1:07:59]} 25. a3 {[%clk 0:31:51]} Rc6
{[%clk 1:08:17]} 26. Kb2 {[%clk 0:31:58]} Kc8 {[%clk 1:08:18]} 27. Kb3
{[%clk 0:31:00]} Kb7 {[%clk 1:08:18]} 28. c4 {[%clk 0:29:51]} Ka6
{[%clk 1:07:51]} 29. a4 {[%clk 0:28:13]} Ka5 {[%clk 1:07:59]} 30. Rf7
{[%clk 0:27:11]} Ka6 {[%clk 1:08:02]} 31. c3 {[%clk 0:25:38]} Ka5
{[%clk 1:07:58]} 32. Bf4 {[%clk 0:24:27]} Ka6 {[%clk 1:08:10]} 33. Bxc7
{[%clk 0:24:14]} Ka5 {[%clk 1:07:27]} 34. Bb8 {[%clk 0:23:39]} a6
{[%clk 1:07:51]} 35. Bf4 {[%clk 0:22:42]} Rc5 {[%clk 1:07:29]} 36. Be3
{[%clk 0:21:44]} Rc6 {[%clk 1:07:32]} 37. Rd7 {[%clk 0:20:34]} b5
{[%clk 1:07:28]} 38. cxb5 {[%clk 0:19:51]} axb5 {[%clk 1:07:43]} 39. Ra7+
{[%clk 0:19:36]} 1-0

[Event "v4camp2016"]
[Site "?"]
[Date "2016.06.26"]
[Round "8.21"]
[White "Sankova, Stella"]
[Black "Gorog, Almos"]
[Result "0-1"]
[BlackElo "1976"]
[WhiteElo "1792"]
[LiveChessVersion "1.4.8"]

1. Nf3 {[%clk 1:30:57]} Nf6 {[%clk 1:30:38]} 2. d4 {[%clk 1:31:20]} d5
{[%clk 1:30:50]} 3. Bf4 {[%clk 1:31:31]} c5 {[%clk 1:26:06]} 4. e3
{[%clk 1:31:22]} Bg4 {[%clk 1:24:56]} 5. Be2 {[%clk 1:29:41]} Bxf3
{[%clk 1:15:25]} 6. Bxf3 {[%clk 1:29:59]} e6 {[%clk 1:15:36]} 7. O-O
{[%clk 1:29:24]} Bd6 {[%clk 1:12:22]} 8. Bxd6 {[%clk 1:27:49]} Qxd6
{[%clk 1:12:48]} 9. c4 {[%clk 1:25:27]} cxd4 {[%clk 1:12:06]} 10. exd4
{[%clk 1:23:28]} O-O {[%clk 1:08:27]} 11. Nc3 {[%clk 1:23:13]} Nc6
{[%clk 1:07:15]} 12. cxd5 {[%clk 1:22:12]} exd5 {[%clk 1:01:17]} 13. Qd2
{[%clk 1:19:17]} Rfe8 {[%clk 0:57:27]} 14. Rfe1 {[%clk 1:17:46]} Qb4
{[%clk 0:56:05]} 15. Rxe8+ {[%clk 1:16:35]} Rxe8 {[%clk 0:56:25]} 16. Rd1
{[%clk 1:16:56]} Nxd4 {[%clk 0:51:42]} 17. a3 {[%clk 1:13:22]} Nxf3+
{[%clk 0:48:11]} 18. gxf3 {[%clk 1:13:47]} Qb6 {[%clk 0:45:40]} 19. Nxd5
{[%clk 1:12:25]} Nxd5 {[%clk 0:44:08]} 20. Qxd5 {[%clk 1:12:49]} Qxb2
{[%clk 0:40:36]} 21. Qd7 {[%clk 1:12:52]} Rf8 {[%clk 0:40:01]} 22. Re1
{[%clk 1:11:56]} g6 {[%clk 0:32:16]} 23. Re7 {[%clk 1:09:32]} Qxa3
{[%clk 0:31:37]} 24. Qxb7 {[%clk 1:09:53]} a5 {[%clk 0:31:13]} 25. Qa7
{[%clk 1:08:35]} Qa2 {[%clk 0:23:22]} 26. Kg2 {[%clk 1:07:52]} Qd5
{[%clk 0:21:28]} 27. Qd7 {[%clk 0:59:27]} Qxd7 {[%clk 0:20:24]} 28. Rxd7
{[%clk 0:59:53]} Ra8 {[%clk 0:20:51]} 29. Rd3 {[%clk 1:00:17]} a4
{[%clk 0:21:02]} 30. Ra3 {[%clk 1:00:42]} Kf8 {[%clk 0:21:05]} 31. Kf1
{[%clk 0:57:54]} Ke7 {[%clk 0:21:16]} 32. Ke2 {[%clk 0:58:19]} Kd6
{[%clk 0:21:31]} 33. Kd3 {[%clk 0:58:36]} Kc5 {[%clk 0:19:46]} 34. Kc3
{[%clk 0:58:15]} Kb5 {[%clk 0:19:13]} 35. Ra1 {[%clk 0:58:12]} Rc8+
{[%clk 0:18:38]} 36. Kd3 {[%clk 0:58:16]} Rc7 {[%clk 0:16:53]} 37. Rb1+
{[%clk 0:58:30]} Ka5 {[%clk 0:17:10]} 38. Ra1 {[%clk 0:58:52]} Kb4
{[%clk 0:16:59]} 39. Rb1+ {[%clk 0:59:11]} Ka3 {[%clk 0:14:34]} 40. Ra1+
{[%clk 0:59:22]} Kb3 {[%clk 0:14:49]} 41. Rb1+ {[%clk 0:59:39]} Ka2
{[%clk 0:14:33]} 42. Rb6 {[%clk 0:59:57]} a3 {[%clk 0:14:23]} 43. Ra6
{[%clk 1:00:10]} Rb7 {[%clk 0:13:46]} 44. Kc3 {[%clk 0:59:50]} Rb3+
{[%clk 0:14:00]} 45. Kc2 {[%clk 0:59:24]} Rxf3 {[%clk 0:14:11]} 0-1

[Event "v4camp2016"]
[Site "?"]
[Date "2016.06.26"]
[Round "8.22"]
[White "Zlotov, Viktor"]
[Black "Cibikova, Sofia Anna"]
[Result "1/2-1/2"]
[BlackElo "1716"]
[WhiteElo "1533"]
[LiveChessVersion "1.4.8"]

1. e4 {[%clk 1:30:57]} Nf6 {[%clk 1:30:55]} 2. e5 {[%clk 1:31:20]} Nd5
{[%clk 1:31:19]} 3. d4 {[%clk 1:31:37]} d6 {[%clk 1:31:42]} 4. Nf3
{[%clk 1:31:51]} Bg4 {[%clk 1:31:43]} 5. Be2 {[%clk 1:30:07]} e6 {[%clk 1:30:32]}
6. O-O {[%clk 1:28:04]} Be7 {[%clk 1:29:25]} 7. c4 {[%clk 1:23:49]} Nb6
{[%clk 1:29:41]} 8. a4 {[%clk 1:22:41]} a5 {[%clk 1:29:21]} 9. exd6
{[%clk 1:21:18]} cxd6 {[%clk 1:29:43]} 10. Qb3 {[%clk 1:19:34]} Nc6
{[%clk 1:27:50]} 11. d5 {[%clk 1:15:16]} exd5 {[%clk 1:25:36]} 12. cxd5
{[%clk 1:15:07]} Bxf3 {[%clk 1:25:31]} 13. Qxf3 {[%clk 1:12:51]} Nd4
{[%clk 1:24:21]} 14. Bb5+ {[%clk 1:11:46]} Nxb5 {[%clk 1:24:37]} 15. axb5
{[%clk 1:12:08]} O-O {[%clk 1:23:59]} 16. Nc3 {[%clk 1:10:40]} Bf6
{[%clk 1:20:46]} 17. Ne4 {[%clk 1:06:03]} Re8 {[%clk 1:18:01]} 18. Nxf6+
{[%clk 1:02:05]} Qxf6 {[%clk 1:18:23]} 19. Qxf6 {[%clk 1:01:58]} gxf6
{[%clk 1:18:46]} 20. Bf4 {[%clk 1:00:18]} Nxd5 {[%clk 1:17:10]} 21. Bxd6
{[%clk 0:59:49]} Re6 {[%clk 1:15:20]} 22. Bc5 {[%clk 0:58:43]} b6
{[%clk 1:14:02]} 23. Rad1 {[%clk 0:55:02]} Nc7 {[%clk 1:09:55]} 24. Be3
{[%clk 0:52:56]} Nxb5 {[%clk 1:08:01]} 25. Bf4 {[%clk 0:52:21]} Rc8
{[%clk 1:02:34]} 26. Rd5 {[%clk 0:48:07]} Nc7 {[%clk 0:58:12]} 27. Rd3
{[%clk 0:44:22]} Re4 {[%clk 0:56:03]} 28. Bh6 {[%clk 0:41:55]} Ne6
{[%clk 0:53:57]} 29. f4 {[%clk 0:38:34]} f5 {[%clk 0:52:12]} 30. Rfd1
{[%clk 0:36:45]} f6 {[%clk 0:50:41]} 31. Rd7 {[%clk 0:34:51]} Re2
{[%clk 0:48:40]} 32. R7d3 {[%clk 0:31:20]} Rxb2 {[%clk 0:46:54]} 33. h3
{[%clk 0:30:50]} Rbc2 {[%clk 0:42:44]} 34. Rg3+ {[%clk 0:30:31]} Kh8
{[%clk 0:41:47]} 35. Rd6 {[%clk 0:29:15]} Rc1+ {[%clk 0:39:30]} 36. Kh2
{[%clk 0:29:07]} R1c6 {[%clk 0:39:40]} 37. Rd5 {[%clk 0:25:29]} Rg8
{[%clk 0:37:51]} 38. Rxg8+ {[%clk 0:24:02]} Kxg8 {[%clk 0:38:16]} 39. Rxf5
{[%clk 0:23:21]} Kf7 {[%clk 0:38:09]} 40. Rh5 {[%clk 0:21:24]} Kg6
{[%clk 0:36:18]} 41. g4 {[%clk 0:20:59]} f5 {[%clk 0:35:09]} 42. Kg3
{[%clk 0:18:14]} Rc5 {[%clk 0:34:10]} 43. Bg5 {[%clk 0:15:09]} Nxg5
{[%clk 0:33:10]} 44. Rxg5+ {[%clk 0:14:48]} Kf6 {[%clk 0:32:16]} 45. Rh5
{[%clk 0:14:27]} fxg4 {[%clk 0:29:46]} 46. Rh6+ {[%clk 0:13:48]} Kg7
{[%clk 0:29:27]} 47. Rxb6 {[%clk 0:13:55]} gxh3 {[%clk 0:29:49]} 48. Kxh3
{[%clk 0:14:16]} Rc3+ {[%clk 0:28:59]} 49. Kg4 {[%clk 0:13:02]} a4
{[%clk 0:29:11]} 50. Ra6 {[%clk 0:13:10]} a3 {[%clk 0:28:54]} 51. Kh4
{[%clk 0:12:22]} Kf7 {[%clk 0:28:14]} 52. Kg4 {[%clk 0:11:21]} Rb3
{[%clk 0:27:16]} 53. Ra7+ {[%clk 0:10:42]} Kf6 {[%clk 0:27:00]} 54. Rxh7
{[%clk 0:09:07]} Rb1 {[%clk 0:26:33]} 55. Ra7 {[%clk 0:08:46]} Ra1
{[%clk 0:26:57]} 56. Ra6+ {[%clk 0:08:27]} Ke7 {[%clk 0:27:11]} 57. Kg3
{[%clk 0:08:47]} a2 {[%clk 0:27:03]} 58. Kg2 {[%clk 0:09:06]} Kf7
{[%clk 0:27:14]} 1/2-1/2

[Event "v4camp2016"]
[Site "?"]
[Date "2016.06.26"]
[Round "8.23"]
[White "Cabanova, Kristina"]
[Black "Grimm, Balazs"]
[Result "1-0"]
[BlackElo "1566"]
[WhiteElo "1591"]
[LiveChessVersion "1.4.8"]

1. Nf3 {[%clk 1:30:58]} d5 {[%clk 1:30:56]} 2. d4 {[%clk 1:31:21]} Nf6
{[%clk 1:31:18]} 3. Bf4 {[%clk 1:30:54]} Bf5 {[%clk 1:30:17]} 4. e3
{[%clk 1:30:50]} e6 {[%clk 1:29:54]} 5. Nbd2 {[%clk 1:30:32]} c5 {[%clk 1:29:58]}
6. Bxb8 {[%clk 1:30:41]} Rxb8 {[%clk 1:30:13]} 7. Bb5+ {[%clk 1:31:07]} Ke7
{[%clk 1:29:26]} 8. dxc5 {[%clk 1:29:34]} a6 {[%clk 1:28:59]} 9. Bd3
{[%clk 1:28:02]} Ne4 {[%clk 1:28:50]} 10. Nh4 {[%clk 1:24:45]} Nxd2
{[%clk 1:28:10]} 11. Nxf5+ {[%clk 1:24:38]} exf5 {[%clk 1:28:28]} 12. Qxd2
{[%clk 1:25:00]} g6 {[%clk 1:28:48]} 13. Qc3 {[%clk 1:23:49]} Rg8
{[%clk 1:28:59]} 14. Qe5+ {[%clk 1:20:30]} Kd7 {[%clk 1:27:47]} 15. Qxd5+
{[%clk 1:18:36]} Ke8 {[%clk 1:28:10]} 16. Qxd8+ {[%clk 1:17:35]} Rxd8
{[%clk 1:28:33]} 17. b4 {[%clk 1:17:41]} Bg7 {[%clk 1:28:49]} 18. Rb1
{[%clk 1:17:23]} Bc3+ {[%clk 1:25:09]} 19. Ke2 {[%clk 1:17:16]} Ke7
{[%clk 1:18:59]} 20. Rb3 {[%clk 1:12:51]} Bf6 {[%clk 1:18:15]} 21. Rd1
{[%clk 1:11:53]} Rge8 {[%clk 1:12:00]} 22. c4 {[%clk 1:03:02]} Kf8
{[%clk 1:11:41]} 23. b5 {[%clk 1:00:51]} axb5 {[%clk 1:11:14]} 24. cxb5
{[%clk 1:01:10]} Rc8 {[%clk 1:11:35]} 25. Rc1 {[%clk 1:01:20]} Re6
{[%clk 1:10:43]} 26. Rb4 {[%clk 0:58:18]} Be7 {[%clk 1:07:35]} 27. Rbc4
{[%clk 0:57:24]} f4 {[%clk 1:07:07]} 28. Be4 {[%clk 0:51:11]} fxe3
{[%clk 1:01:45]} 29. fxe3 {[%clk 0:50:26]} Bg5 {[%clk 1:01:42]} 30. R1c3
{[%clk 0:50:06]} Rce8 {[%clk 1:01:36]} 31. Bxb7 {[%clk 0:48:13]} Rxe3+
{[%clk 1:01:55]} 32. Rxe3 {[%clk 0:48:40]} Rxe3+ {[%clk 1:02:18]} 33. Kd1
{[%clk 0:47:57]} Rd3+ {[%clk 1:02:24]} 34. Kc2 {[%clk 0:48:26]} Rd2+
{[%clk 1:01:55]} 35. Kb3 {[%clk 0:48:48]} Bf6 {[%clk 1:01:45]} 36. c6
{[%clk 0:45:57]} Rb2+ {[%clk 1:01:37]} 37. Ka3 {[%clk 0:46:20]} Rxb5
{[%clk 1:00:27]} 38. c7 {[%clk 0:46:26]} Ra5+ {[%clk 1:00:40]} 39. Kb4
{[%clk 0:46:55]} 1-0

[Event "v4camp2016"]
[Site "?"]
[Date "2016.06.26"]
[Round "8.24"]
[White "Meszaros, Marta Mira"]
[Black "Bobrova, Katarina"]
[Result "1-0"]
[BlackElo "1442"]
[WhiteElo "1190"]
[LiveChessVersion "1.4.8"]

1. e4 {[%clk 1:30:58]} d6 {[%clk 1:30:38]} 2. d4 {[%clk 1:31:17]} Nf6
{[%clk 1:30:04]} 3. Nc3 {[%clk 1:31:08]} g6 {[%clk 1:29:00]} 4. Nf3
{[%clk 1:30:40]} Bg7 {[%clk 1:28:01]} 5. Bd3 {[%clk 1:30:33]} O-O
{[%clk 1:25:56]} 6. O-O {[%clk 1:30:53]} b6 {[%clk 1:22:33]} 7. Bf4
{[%clk 1:27:35]} Bb7 {[%clk 1:20:33]} 8. Qd2 {[%clk 1:27:37]} Nbd7
{[%clk 1:19:03]} 9. Bh6 {[%clk 1:27:07]} Rc8 {[%clk 1:16:29]} 10. Bxg7
{[%clk 1:27:24]} Kxg7 {[%clk 1:16:40]} 11. Qe2 {[%clk 1:16:51]} c5
{[%clk 1:12:42]} 12. d5 {[%clk 1:16:50]} e6 {[%clk 1:10:06]} 13. dxe6
{[%clk 1:15:57]} fxe6 {[%clk 1:10:06]} 14. Rfe1 {[%clk 1:06:07]} d5
{[%clk 1:02:16]} 15. Ng5 {[%clk 1:00:12]} Qe8 {[%clk 0:56:34]} 16. exd5
{[%clk 0:59:54]} exd5 {[%clk 0:45:47]} 17. Ne6+ {[%clk 0:59:01]} Kg8
{[%clk 0:45:32]} 18. Nxf8 {[%clk 0:59:23]} Kxf8 {[%clk 0:44:44]} 19. Qxe8+
{[%clk 0:59:43]} Rxe8 {[%clk 0:44:49]} 20. Rxe8+ {[%clk 1:00:04]} Kxe8
{[%clk 0:44:58]} 21. Bb5 {[%clk 0:59:40]} d4 {[%clk 0:43:29]} 22. Bxd7+
{[%clk 0:59:58]} Kxd7 {[%clk 0:43:49]} 23. Rd1 {[%clk 0:59:31]} Kc6
{[%clk 0:43:32]} 24. Nb1 {[%clk 0:58:26]} Nd5 {[%clk 0:40:43]} 25. c3
{[%clk 0:57:06]} dxc3 {[%clk 0:39:50]} 26. Nxc3 {[%clk 0:57:21]} Nb4
{[%clk 0:38:21]} 27. Rd8 {[%clk 0:54:12]} b5 {[%clk 0:32:08]} 28. Rh8
{[%clk 0:54:10]} Nd3 {[%clk 0:31:46]} 29. Nd1 {[%clk 0:53:17]} Kb6
{[%clk 0:28:54]} 30. Rxh7 {[%clk 0:53:30]} Bd5 {[%clk 0:29:05]} 31. a3
{[%clk 0:53:12]} Bb3 {[%clk 0:28:41]} 32. Ne3 {[%clk 0:52:41]} Nxb2
{[%clk 0:28:39]} 33. Rd7 {[%clk 0:52:29]} b4 {[%clk 0:26:53]} 34. axb4 cxb4
{[%clk 0:26:36]} 35. Rd6+ {[%clk 0:52:49]} Kb5 {[%clk 0:26:49]} 36. Rxg6
{[%clk 0:50:31]} Ba2 {[%clk 0:26:45]} 37. Rg5+ {[%clk 0:50:52]} Ka4
{[%clk 0:26:53]} 38. h4 {[%clk 0:51:00]} b3 {[%clk 0:26:16]} 39. h5
{[%clk 0:47:44]} Nd3 {[%clk 0:26:22]} 40. Nc4 {[%clk 0:47:09]} Kb4
{[%clk 0:23:12]} 41. Nb2 {[%clk 0:42:14]} Nxb2 {[%clk 0:22:23]} 42. h6
{[%clk 0:42:37]} Nd3 {[%clk 0:22:37]} 43. h7 {[%clk 0:42:55]} b2 {[%clk 0:22:53]}
44. h8=Q b1=Q+ {[%clk 0:22:49]} 45. Kh2 {[%clk 0:43:31]} Qc1 {[%clk 0:08:38]} 46.
Qb8+ {[%clk 0:41:49]} Kc3 {[%clk 0:07:00]} 47. Qc8+ {[%clk 0:40:34]} Kd2
{[%clk 0:06:27]} 48. Qxc1+ {[%clk 0:40:55]} Kxc1 {[%clk 0:06:49]} 49. Ra5
{[%clk 0:41:01]} Be6 {[%clk 0:06:16]} 50. Rxa7 {[%clk 0:41:18]} Nxf2
{[%clk 0:06:27]} 51. Re7 {[%clk 0:40:39]} Bd5 {[%clk 0:04:42]} 52. Kg3
{[%clk 0:39:59]} Ne4+ {[%clk 0:02:46]} 53. Kf4 {[%clk 0:39:41]} Nc3
{[%clk 0:02:09]} 54. g4 {[%clk 0:39:18]} Ba2 {[%clk 0:01:47]} 55. Re8
{[%clk 0:36:53]} Nd5+ {[%clk 0:01:51]} 56. Kf5 {[%clk 0:35:25]} Bb1+
{[%clk 0:01:59]} 57. Ke5 {[%clk 0:34:50]} Ba2 58. g5 {[%clk 0:34:10]} Nc7
{[%clk 0:02:04]} 59. Rc8 {[%clk 0:34:10]} Kd2 {[%clk 0:01:15]} 60. Rxc7
{[%clk 0:34:31]} Ke3 {[%clk 0:01:38]} 61. g6 {[%clk 0:34:04]} Kf3
{[%clk 0:01:56]} 62. g7 {[%clk 0:33:41]} Kg4 {[%clk 0:02:18]} 63. Rc8
{[%clk 0:33:57]} Kg5 {[%clk 0:02:12]} 64. g8=Q+ 1-0

[Event "v4camp2016"]
[Site "?"]
[Date "2016.06.26"]
[Round "8.25"]
[White "Brnusak, Andrej"]
[Black "Szotkowski, David"]
[Result "1/2-1/2"]
[BlackElo "1783"]
[WhiteElo "1668"]
[LiveChessVersion "1.4.8"]

1. e4 {[%clk 1:30:57]} c5 {[%clk 1:30:53]} 2. Nc3 {[%clk 1:31:20]} e6
{[%clk 1:31:14]} 3. f4 {[%clk 1:30:59]} d5 {[%clk 1:30:48]} 4. e5
{[%clk 1:28:22]} Ne7 {[%clk 1:30:42]} 5. Nf3 {[%clk 1:25:59]} Nbc6
{[%clk 1:30:10]} 6. Be2 {[%clk 1:23:30]} Nf5 {[%clk 1:29:49]} 7. O-O
{[%clk 1:21:56]} Be7 {[%clk 1:29:32]} 8. d3 {[%clk 1:17:16]} h5 {[%clk 1:28:38]}
9. g3 {[%clk 1:11:33]} Kf8 {[%clk 1:26:01]} 10. Re1 {[%clk 0:59:30]} g6
{[%clk 1:19:54]} 11. Bf1 {[%clk 0:57:19]} Kg7 {[%clk 1:18:35]} 12. Ne2
{[%clk 0:55:56]} b5 {[%clk 1:14:54]} 13. d4 {[%clk 0:54:56]} c4 {[%clk 1:14:29]}
14. c3 {[%clk 0:53:11]} b4 {[%clk 1:13:50]} 15. Bh3 {[%clk 0:50:49]} Nh6
{[%clk 1:12:54]} 16. Be3 {[%clk 0:44:17]} Rb8 {[%clk 1:12:33]} 17. Qd2
{[%clk 0:41:07]} bxc3 {[%clk 1:09:22]} 18. bxc3 {[%clk 0:41:29]} Bd7
{[%clk 1:05:02]} 19. Reb1 {[%clk 0:38:54]} Qc7 {[%clk 1:03:58]} 20. Qc2
{[%clk 0:37:49]} Rb6 {[%clk 0:59:08]} 21. Rxb6 {[%clk 0:35:51]} axb6
{[%clk 0:58:39]} 22. Nc1 {[%clk 0:34:24]} b5 {[%clk 0:56:09]} 23. Bd2
{[%clk 0:31:55]} b4 {[%clk 0:52:28]} 24. Ne2 {[%clk 0:29:48]} Rb8
{[%clk 0:52:12]} 25. Rb1 {[%clk 0:28:49]} bxc3 {[%clk 0:49:52]} 26. Bxc3
{[%clk 0:28:28]} Nb4 {[%clk 0:48:11]} 27. Qd2 {[%clk 0:25:58]} Nd3
{[%clk 0:47:41]} 28. Rxb8 {[%clk 0:24:20]} Qxb8 {[%clk 0:48:04]} 1/2-1/2

[Event "v4camp2016"]
[Site "?"]
[Date "2016.06.26"]
[Round "8.26"]
[White "Berezjuk, Rostislav"]
[Black "Pogadl, Martin"]
[Result "1-0"]
[BlackElo "1464"]
[WhiteElo "1588"]
[LiveChessVersion "1.4.8"]

1. d4 {[%clk 1:30:37]} Nf6 {[%clk 1:30:54]} 2. Bf4 {[%clk 1:30:42]} g6
{[%clk 1:31:13]} 3. Nc3 {[%clk 1:28:39]} Bg7 {[%clk 1:31:26]} 4. Nf3
{[%clk 1:27:38]} d6 {[%clk 1:31:20]} 5. e4 {[%clk 1:27:04]} O-O {[%clk 1:31:07]}
6. Qd2 {[%clk 1:26:29]} c5 {[%clk 1:25:39]} 7. Bh6 {[%clk 1:23:20]} Nbd7
{[%clk 1:23:30]} 8. Bxg7 {[%clk 1:21:38]} Kxg7 {[%clk 1:23:55]} 9. Bc4
{[%clk 1:19:39]} cxd4 {[%clk 1:20:09]} 10. Qxd4 {[%clk 1:18:26]} Qb6
{[%clk 1:18:26]} 11. O-O-O {[%clk 1:15:48]} Qxd4 {[%clk 1:11:42]} 12. Rxd4
{[%clk 1:15:10]} Ng4 {[%clk 1:10:15]} 13. h3 {[%clk 1:14:06]} Nge5
{[%clk 1:10:05]} 14. Nxe5 {[%clk 1:13:24]} Nxe5 {[%clk 1:09:01]} 15. Bb3
{[%clk 1:12:33]} Nc6 {[%clk 1:07:06]} 16. Rd3 {[%clk 1:12:15]} Bd7
{[%clk 1:05:37]} 17. f4 {[%clk 1:11:28]} f5 {[%clk 1:03:28]} 18. e5
{[%clk 1:08:11]} Nb4 {[%clk 0:59:29]} 19. Rd4 {[%clk 1:06:25]} Nc6
{[%clk 0:59:07]} 20. Rd2 {[%clk 1:06:43]} Rad8 {[%clk 0:58:11]} 21. Rhd1
{[%clk 1:05:47]} a6 {[%clk 0:55:08]} 22. exd6 {[%clk 1:05:29]} exd6
{[%clk 0:54:49]} 23. Rxd6 {[%clk 1:05:23]} Bc8 {[%clk 0:54:31]} 24. Ba4
{[%clk 1:00:02]} Rxd6 {[%clk 0:53:26]} 25. Rxd6 {[%clk 1:00:20]} Rd8
{[%clk 0:52:29]} 26. Rxd8 {[%clk 0:58:37]} Nxd8 {[%clk 0:52:57]} 27. Nd5
{[%clk 0:57:52]} Be6 {[%clk 0:52:24]} 28. Bb3 {[%clk 0:57:13]} Nf7
{[%clk 0:50:53]} 29. Kd2 {[%clk 0:55:57]} Kh6 {[%clk 0:47:21]} 30. Ke3
{[%clk 0:52:13]} Nd6 {[%clk 0:44:39]} 31. Kd4 {[%clk 0:46:52]} Bxd5
{[%clk 0:43:23]} 32. Bxd5 {[%clk 0:45:26]} b6 {[%clk 0:43:37]} 33. c4
{[%clk 0:44:17]} Kh5 {[%clk 0:43:45]} 34. b4 {[%clk 0:43:51]} Kh4
{[%clk 0:44:03]} 35. a4 {[%clk 0:42:54]} Kg3 {[%clk 0:44:15]} 36. c5
{[%clk 0:42:37]} bxc5+ {[%clk 0:44:39]} 37. bxc5 {[%clk 0:42:52]} Nc8
{[%clk 0:44:13]} 38. c6 {[%clk 0:42:51]} Kxf4 {[%clk 0:44:28]} 39. Kc5
{[%clk 0:42:32]} Kg3 {[%clk 0:44:36]} 40. c7 {[%clk 0:42:36]} 1-0

[Event "v4camp2016"]
[Site "?"]
[Date "2016.06.26"]
[Round "8.27"]
[White "Taragelova, Martina"]
[Black "Fortiak, Samuel"]
[Result "1-0"]
[BlackElo "1503"]
[WhiteElo "1656"]
[LiveChessVersion "1.4.8"]

1. e4 {[%clk 1:30:57]} e5 {[%clk 1:30:28]} 2. Nf3 {[%clk 1:31:20]} Nc6
{[%clk 1:30:32]} 3. d4 {[%clk 1:31:39]} exd4 {[%clk 1:25:57]} 4. Nxd4
{[%clk 1:31:58]} Qf6 {[%clk 1:14:46]} 5. Be3 {[%clk 1:31:18]} Nge7
{[%clk 1:07:43]} 6. Nc3 {[%clk 1:26:17]} a6 {[%clk 1:00:56]} 7. Be2
{[%clk 1:18:55]} d6 {[%clk 0:51:45]} 8. O-O {[%clk 1:15:25]} Bd7 {[%clk 0:45:53]}
9. Nxc6 {[%clk 1:12:07]} Nxc6 {[%clk 0:43:18]} 10. Nd5 {[%clk 1:12:00]} Qd8
{[%clk 0:43:09]} 11. f4 {[%clk 1:04:19]} Ne7 {[%clk 0:37:04]} 12. Nc3
{[%clk 1:00:47]} f5 {[%clk 0:30:59]} 13. Bc4 {[%clk 0:57:03]} g6 {[%clk 0:29:35]}
14. Bd4 {[%clk 0:53:47]} 1-0